Aplikácia metód na identifikáciu chýb vo výrobnom procese

Enregistré dans:
Détails bibliographiques
Auteur principal: Ostrčil, Marián (Auteur)
Autres auteurs: Poliaková, Adela (Directeur de thèse)
Format: Manuscrit Livre
Langue:slovaque
Publié: 2015
Sujets:
Accès en ligne:http://is.stuba.sk/zp/portal_zp.pl?podrobnosti=110624
Tags: Ajouter un tag
Pas de tags, Soyez le premier à ajouter un tag!

MARC

LEADER 00000ntm a22000003a 4500
001 stuzp52198
003 SK-STU
005 20160719154108.6
007 ta
008 150427s2015----xo-----f-mn---000-0-slo-d
040 |a STU  |b slo 
041 0 |a slo 
100 1 |a Ostrčil, Marián  |u 065000  |4 aut  |U MTF Materiálovotechnologická fakulta  |T MTF Ústav bezpečnosti, environmentu a kvality  |X 44684  |U M5000  |Y 85  |7 A000044684 
242 0 1 |a Application of methods for failure detection within a manufacturing process  |y eng 
245 1 0 |a Aplikácia metód na identifikáciu chýb vo výrobnom procese 
260 |c 2015 
650 4 |a kvalita  |2 slo 
650 4 |a nepodarky  |2 slo 
650 4 |a identifikácia chýb  |2 slo 
650 4 |a failure detection  |2 eng 
650 4 |a defective products  |2 eng 
650 4 |a quality  |2 eng 
700 1 |a Poliaková, Adela  |4 ths  |X 46349  |7 A000046349 
856 4 |u http://is.stuba.sk/zp/portal_zp.pl?podrobnosti=110624 
996 |c M* DP-12558  |l MMSKP  |s P  |a 0  |w stuzp52198_0001 
SQL |a stuzp52198  |b DDP  |c SLO  |d Aplikácia metód na identifikáciu chýb vo výrobnom procese  |e 44684  |f Ostrčil, Marián  |g 065000  |h 46349  |i Poliaková, Adela  |j 20150612  |k 183  |l 06  |m http://is.stuba.sk/zp/portal_zp.pl?podrobnosti=110624  |n I-IKP  |o 5.2.57. kvalita produkcie